Statistics for France - Ireland UEFA Euro 2016 - Round Of 16

Click here to take the quiz!

General Stats

  • This quiz has been taken 59 times
    (48 since last reset)
  • The average score is 16 of 30

Answer Stats

Answer% Correct
Antoine Griezmann ²
94%
Hugo Lloris
94%
Olivier Giroud
88%
Paul Pogba
88%
Shane Long
71%
Bacary Sagna
68%
Didier Deschamps
65%
N'Golo Kanté
65%
Blaise Matuidi
62%
Dimitri Payet
62%
Laurent Koscielny
62%
Séamus Coleman
62%
Patrice Evra
59%
Darren Randolph
53%
John O'Shea
53%
Robbie Brady ¹
53%
Adil Rami
50%
Kingsley Coman
47%
James McClean
38%
Martin O'Neill
38%
Shane Duffy
38%
James McCarthy
35%
Richard Keogh
35%
André-Pierre Gignac
32%
Jeff Hendrick
32%
Moussa Sissoko
32%
Wes Hoolahan
32%
Jonathan Walters
26%
Daryl Murphy
24%
Stephen Ward
24%

Score Distribution

Percentile by Number Answered

Percent of People with Each Score

Your Score History

You have not taken this quiz since the last reset